| 000 | 02192 a2200265 4500 | ||
|---|---|---|---|
| 008 | 090527t xxu||||| |||| 00| 0 hin d | ||
| 010 | _aB-291646-650 | ||
| 020 | _c200.00 | ||
| 035 | _aB-291646-650 | ||
| 037 | _bशिल्पायन | ||
| 040 |
_adpl _bHIN |
||
| 082 | _a302.23 | ||
| 100 | _aजोशी, रामशरण | ||
| 245 |
_aमीडिया मिथ और समाज / _cरामशरण जोशी |
||
| 260 |
_aदिल्ली _bशिल्पायन _c2007 |
||
| 270 |
_a10295, गली नं.1, वैस्ट गोरखपार्क, शाहदरा _bदिल्ली _e110032 _cदिल्ली |
||
| 300 |
_a184पृ _c22सेमी (सजिल्द) |
||
| 942 |
_adpl _cHN _k /जोशीरा _2ddc _h302.23 _mजोशीरा |
||
| 999 |
_c12446 _d12446 |
||